000
00282nam a2200145Ia 4500
100
_a
Maiti/C.K/ Maiti/T.K
942
_c
RB
366
_f
25
245
_a
Strain-Engineered MOSFET s
260
_b
CRC
_c
2013
082
_b
MAI
300
_a
300
546
_a
ENGLISH
999
_c
31049
_d
31049